Business plans kit for dummies, 5th edition / (Record no. 300750)
[ view plain ]
| 000 -LEADER | |
|---|---|
| fixed length control field | 00805nam a22002775i 4500 |
| 001 - CONTROL NUMBER | |
| control field | 19045078 |
| 003 - CONTROL NUMBER IDENTIFIER | |
| control field | SISC |
| 005 - DATE AND TIME OF LATEST TRANSACTION | |
| control field | 20170126101600.0 |
| 008 - FIXED-LENGTH DATA ELEMENTS--GENERAL INFORMATION | |
| fixed length control field | 160406s2016 inu 000 0 eng |
| 010 ## - LIBRARY OF CONGRESS CONTROL NUMBER | |
| LC control number | 2016938156 |
| 020 ## - INTERNATIONAL STANDARD BOOK NUMBER | |
| International Standard Book Number | 9781119245490 (pbk. : alk. paper) |
| 020 ## - INTERNATIONAL STANDARD BOOK NUMBER | |
| International Standard Book Number | 9781119245494 (pbk. : alk. paper) |
| 040 ## - CATALOGING SOURCE | |
| Original cataloging agency | DLC |
| Language of cataloging | eng |
| Description conventions | rda |
| Transcribing agency | DLC |
| 042 ## - AUTHENTICATION CODE | |
| Authentication code | pcc |
| 050 ## - LIBRARY OF CONGRESS CALL NUMBER | |
| Classification number | HD 62.5 |
| Item number | .P422 2016 |
| 100 ## - MAIN ENTRY--PERSONAL NAME | |
| Personal name | Peterson, Steven D. |
| 245 10 - TITLE STATEMENT | |
| Title | Business plans kit for dummies, 5th edition / |
| Statement of responsibility, etc | Barbara F Schenck. |
| 250 ## - EDITION STATEMENT | |
| Edition statement | 5th edition. |
| 260 ## - PUBLICATION, DISTRIBUTION, ETC. (IMPRINT) | |
| Place of publication, distribution, etc | NJ : |
| Name of publisher, distributor, etc | John Wiley & Sons, Inc., |
| Date of publication, distribution, etc | 2016. |
| 263 ## - PROJECTED PUBLICATION DATE | |
| Projected publication date | 1605 |
| 300 ## - PHYSICAL DESCRIPTION | |
| Extent | xiv, 392 pages ; |
| Dimensions | 23 cm. |
| 500 ## - GENERAL NOTE | |
| General note | Includes index. |
| 906 ## - LOCAL DATA ELEMENT F, LDF (RLIN) | |
| a | 0 |
| b | ibc |
| c | orignew |
| d | 2 |
| e | epcn |
| f | 20 |
| g | y-gencatlg |
| 942 ## - ADDED ENTRY ELEMENTS (KOHA) | |
| Source of classification or shelving scheme | Library of Congress Classification |
| Koha item type | Books |
| Withdrawn status | Lost status | Source of classification or shelving scheme | Damaged status | Home library | Current library | Shelving location | Date acquired | Source of acquisition | Cost, normal purchase price | Sub Shelving location | Total Checkouts | Full call number | Barcode | Date last seen | Date checked out | Price effective from | Koha item type |
|---|---|---|---|---|---|---|---|---|---|---|---|---|---|---|---|---|---|
| Library of Congress Classification | College Library | College Library | Reserve Section | 08/22/2016 | Library Fund | 2695.00 | 1 | HD 62.5 .P422 2016 | C20673 | 02/02/2023 | 01/18/2023 | 08/22/2016 | Books |